000 00959nam1a22002531 4500
001 rc\2917250
005 20110810193157.7
035 _a(NLR Aleph) 007067608
090 _a6348118
_c6348118
100 _a20110810d1932 |||y0rusy50 ca
101 0 _arus
102 _aRU
105 _ay z |||||
200 1 _aСборные железобетонные конструкции ...
_eВып. 2-
_fАвторская бригада - инженеры: Коба Ф.С., Лиоренцевич Г.А., Мокроусов, М.И.
210 _aЛенинград
_cГос. трест "Ленинградстрой". Упр. сборных конструкций "У. С. К."
_d1932
215 _d32 см
702 1 _aКоба
_bФ. С.
_4570
702 1 _aЛиоренцевич
_bГ. А.
_4570
702 1 _aМокроусов
_bМ. И.
_4570
801 0 _aRU
_bNLR
_gpsbo
801 1 _aRU
_bELAR
_2rusmarc
852 _aNLR
_j32-20/179(2)
942 _cBOOK
980 _aNB